Bienvenue à la Médiathèque de Saint-Andiol
banniere
Accueil Recherche avancée Mon compte
handi1 Rechercher dans le catalogue

Filtre   Mots-clés
  Recherche avancée
 
Lister les dernières nouveautés
 
Lister les livres GROS CARACTERES
 
Lister les périodiques (magazines)

handi1 Gardiens des cités perdues

Book Cover
Auteur principal : Shannon Messenger
Titre : Gardiens des cités perdues
Support : Livres
Langue : Francais
Publié : 2017 Pocket jeunesse Paris
Series : Gardiens des cités perdues
Genre : Science fiction
Collection : Gardiens des cités perdues
Sujets :
Étiquettes :
Pas de tags
LEADER 01728nam0a2200229 450
001 16851156
010 |a 978-2-266-27066-3  |b Br.  |d 7,95 € 
100 |a 20200611d2017 u u0frey01 ba 
101 0 |a fre 
102 |a FR 
200 0 |a Gardiens des cités perdues  |f Shannon Messenger 
207 1 |a   
210 |a Paris  |c Pocket jeunesse  |d 2017 
215 |a 1 vol. (492 p.)  |c Couv. ill. en coul.  |d 11x18 cm 
225 1 |a Gardiens des cités perdues  |v J2898 
327 |a Best Seller 
330 |a Depuis des années, Sophie sait qu'elle n'est pas comme tout le monde. Elle se sent à part à l'école, où elle n'a pas besoin d'écouter les cours pour comprendre. La raison ? Elle est dotée d'une mémoire photographique... Mais ce n'est pas tout : ce qu'elle n'a jamais révélé à personne, c'est qu'elle entend penser les autres comme s'ils lui parlaient à haute voix. Un casque vissé sur la tête pour empêcher ce bruit de fond permanent de la rendre folle, elle se promène un matin avec sa classe au musée d'histoire naturelle quand un étrange garçon l'aborde. Dès cet instant, la vie qu'elle connaissait est terminée : elle n'est pas humaine et doit abandonner son existence entière pour rejoindre un autre univers, qu'elle a quitté douze ans plus tôt. L'y attendent une pléiade de nouveaux condisciples, amis et ennemis, et une question obsédante : qui est-elle ? Pourquoi l'a-t-on cachée dans le monde des humains ? Pourquoi n'a-t-elle que des souvenirs partiels de son passé ? 
461 0 |t Gardiens des cités perdues  |v 1 
700 0 |a Messenger  |b Shannon  |4 70 
900 |a Science fiction 
901 |a Adultes 
995 |a Médiathèque  |c Médiathèque  |f 089017417  |h 089017417  |k J MES 1 SF  |o p  |q a  |r az  |e Médiathèque